| 000 | 00616nam a2200205 4500 | ||
|---|---|---|---|
| 003 | CO-ViMGA | ||
| 008 | 180412b ||||| |||| 00| 0 eng d | ||
| 020 | _a9788498384383 | ||
| 040 |
_aCO-ViMGA _bspa _cCO-ViMGA |
||
| 082 |
_a823 _bR884ha6 |
||
| 100 | 1 |
_aRowlinig, J.K. _d1997 _912347 |
|
| 245 | 1 | 0 |
_aHarry Potter _by la piedra filosofal / _cJ.K. Rowling |
| 260 |
_aBarcelona, _bLetras de bolsillo, _c2017. |
||
| 300 | _a254 p. | ||
| 490 | _aHarry Potter | ||
| 650 | 1 | 4 |
_aCuentos infantiles ingleses _9103 |
| 650 | 1 | 4 |
_aLiteratura infantil inglesa _91686 |
| 700 | 1 |
_aDellepiane, Alicia Marta _912367 |
|
| 942 |
_2ddc _cBK |
||
| 999 |
_c3710 _d3710 |
||